| 000 | 00424nam a2200181Ia 4500 | ||
|---|---|---|---|
| 001 | 8076 | ||
| 005 | 20260306160542.0 | ||
| 008 | 260306t1977||||xx |||||||||||||| ||spa|| | ||
| 041 | _aESP | ||
| 082 |
_a370.1 _bL22 |
||
| 100 |
_aLandsheere, Viviane de, _eAUT |
||
| 245 | 0 | _aObjetivos de la educación | |
| 260 | _c1977 | ||
| 300 |
_a316 páginas : _c19 cm. |
||
| 650 | _aGEN | ||
| 654 | _aCED | ||
| 942 |
_cLIB _dJUS _fJUS _2ddc _n |
||
| 999 |
_c8076 _d8076 |
||